1813, San Sebastián incendiada (Record no. 18743)

MARC details
000 -LEADER
campo de control de longitud fija 00928nam a22002415i 4500
001 - NÚMERO DE CONTROL
campo de control 18743
003 - IDENTIFICADOR DE NÚMERO DE CONTROL
campo de control ES-MaACL
005 - FECHA Y HORA DE LA ÚLTIMA TRANSACCIÓN
campo de control 20230906151919.0
007 - CAMPO FIJO DE DESCRIPCIÓN FÍSICA--INFORMACIÓN GENERAL
campo de control de longitud fija t|
008 - DATOS DE LONGITUD FIJA--INFORMACIÓN GENERAL
campo de control de longitud fija 020312s1993 sp ||||0| spa
020 ## - NÚMERO INTERNACIONAL ESTÁNDAR DEL LIBRO
Número Internacional Estándar del Libro 84-7173-215-7
080 ## - NÚMERO DE LA CLASIFICACIÓN DECIMAL UNIVERSAL
Número de la Clasificación Decimal Universal 94(460.154 S.S.)"1808/14"
100 1# - ENTRADA PRINCIPAL--NOMBRE DE PERSONA
Nombre de persona Murugarren, Luis.
9 (RLIN) 84663
245 10 - MENCIÓN DEL TÍTULO
Título 1813, San Sebastián incendiada
Resto del título : británicos y portugueses /
Mención de responsabilidad, etc. Luis Murugarren Zamora.
260 ## - PUBLICACIÓN, DISTRIBUCIÓN, ETC.
Lugar de publicación, distribución, etc. Donostia :
Nombre del editor, distribuidor, etc. Sociedad Guipuzcoana de Ediciones y Publicaciones,
Fecha de publicación, distribución, etc. 1993.
300 ## - DESCRIPCIÓN FÍSICA
Extensión 352 p., [1] h. pleg. de lám. col ;
Dimensiones 24 cm.
490 1# - MENCIÓN DE SERIE
Mención de serie Monografías (Instituto Dr. Camino de Historia Donostiarra) ;
Designación de volumen o secuencia 35
651 #4 - PUNTO DE ACCESO ADICIONAL DE MATERIA--NOMBRE GEOGRÁFICO
Nombre geográfico San Sebastián-
Subdivisión general Historia-
Subdivisión cronológica 1813 (Sitio)
9 (RLIN) 153433
710 2# - ENTRADA AGREGADA--NOMBRE DE ENTIDAD CORPORATIVA
Nombre de entidad corporativa o nombre de jurisdicción como elemento de entrada Instituto Dr. Camino de Historia Donostiarra.
9 (RLIN) 5025
830 1# - PUNTO DE ACCESO ADICIONAL DE SERIE-TÍTULO UNIFORME
Título uniforme Monografías (Instituto Dr. Camino de Historia Donostiarra) ;
Designación de volumen o secuencia 35
9 (RLIN) 180513
852 ## - LOCALIZACIÓN
Ubicación ES-MaACL
Número de control de estantería L-25320
Holdings
Estatus retirado Estado de pérdida Estado de daño No para préstamo Biblioteca de origen Biblioteca actual Ubicación en estantería Fecha de adquisición Fuente de adquisición Total de préstamos Signatura topográfica completa Código de barras Visto por última vez Precio de reemplazo Tipo de ítem Koha
        Biblioteca del Ateneo de Madrid Biblioteca del Ateneo de Madrid Depósito 2 17/01/2008     L-25320 1019180 23/02/2023 23/02/2023 Libro impreso